000 00616nam a2200205 a 4500
003 DO-SdBNP
005 20211005150633.0
007 ta
008 211005e2018 dr ||||gr|||| 00| 0dspa d
040 _aDO-SdBNP
_bspa
_cBNPHU
082 4 _222
_bG633e
100 1 _9267
_aGómez Ricourt, Rafaela
245 0 3 _aEl fuego de la prueba /
_cRafaela Gómez Ricourt.
260 _a[Santo Domingo] :
_bImprenta Martínez,
_c2018
300 _a137 p ;
_c21 cm
500 _aIncluye biografía de la autora en la cubierta posterior.
504 _aBibliografía: p. 135.
590 _aInventariado 2021 / MF
942 _2ddc
_cLBS1
999 _c50707
_d50707